Nguyên lý cắt kim loại (Giáo trình dùng cho sinh viên các trường Đại học khối kỹ thuật)
Nội dung cuốn sách gồm những phần chính sau đây: Vật liệu dụng cụ cắt; Các thông số hình học của quá trình cắt; Cơ sở vật lý của quá trình cắt; Đặc điểm của các nguyên công cắt gọt (tiện, bào, phay, khoan, khoét, doa, cắt ren, chuốt, cắ...
Gespeichert in:
| 1. Verfasser: | |
|---|---|
| Format: | Buch |
| Sprache: | Undetermined |
| Veröffentlicht: |
Hà Nội
Khoa học và Kỹ thuật
2013
|
| Schlagworte: | |
| Tags: |
Tag hinzufügen
Keine Tags, Fügen Sie den ersten Tag hinzu!
|
| Thư viện lưu trữ: | Trung tâm Học liệu Trường Đại học Cần Thơ |
|---|
| LEADER | 01227nam a2200241Ia 4500 | ||
|---|---|---|---|
| 001 | CTU_196505 | ||
| 008 | 210402s9999 xx 000 0 und d | ||
| 020 | |c 136000 | ||
| 082 | |a 671.35 | ||
| 082 | |b Đ302 | ||
| 100 | |a Trần, Văn Địch | ||
| 245 | 0 | |a Nguyên lý cắt kim loại | |
| 245 | 0 | |b (Giáo trình dùng cho sinh viên các trường Đại học khối kỹ thuật) | |
| 245 | 0 | |c Trần Văn Địch | |
| 260 | |a Hà Nội | ||
| 260 | |b Khoa học và Kỹ thuật | ||
| 260 | |c 2013 | ||
| 520 | |a Nội dung cuốn sách gồm những phần chính sau đây: Vật liệu dụng cụ cắt; Các thông số hình học của quá trình cắt; Cơ sở vật lý của quá trình cắt; Đặc điểm của các nguyên công cắt gọt (tiện, bào, phay, khoan, khoét, doa, cắt ren, chuốt, cắt răng, mài,...); Phương pháp tối ưu hoá quá trình cắt gọt; Các phương pháp gia công đặc biệt. | ||
| 650 | |a Metal-cutting | ||
| 650 | |x Cắt kim loại | ||
| 904 | |i Nguyên | ||
| 910 | |a Hải | ||
| 980 | |a Trung tâm Học liệu Trường Đại học Cần Thơ | ||